Highest Ranked ATP Tennis player From Each Country - Statistics

General Stats
  • This quiz has been taken 38 times
  • The average score is 30 of 50
Answer Stats
Country Player % Correct
Spain Alcaraz
97%
Serbia Djokovic
97%
Italy Sinner
97%
Canada Auger-Aliassime
94%
Australia de Minaur
94%
USA Fritz
94%
Germany Zverev
94%
China Bu
91%
Kazakhstan Bublik
91%
UK Draper
91%
Russia Medvedev
88%
Denmark Rune
88%
Norway Ruud
88%
Greece Tsitsipas
88%
Argentina Cerundolo
82%
Bulgaria Dimitrov
82%
Czechia Mensik
82%
Brazil Fonseca
79%
Monaco Vacherot
79%
Switzerland Wawrinka
74%
Croatia Cilic
71%
Netherlands Griekspoor
71%
Belgium Bergs
65%
Georgia Basilashvili
62%
Portugal Borges
62%
Chile Tabilo
62%
France Rinderknech
59%
Bosnia Dzumhur
56%
Hungary Marozsan
56%
Peru Buse
44%
Poland Majchrzak
44%
Finland Virtanen
44%
Hong Kong Wong
44%
Sweden Ymer
38%
Bolivia Dellien
35%
South Africa Harris
35%
Estonia Lajal
35%
Austria Misolic
35%
Paraguay Vallejo
35%
Tunisia Echargui
32%
Lithuania Gaubas
32%
Japan Mochizuki
32%
Luxembourg Rodesch
32%
Slovakia Klein
29%
Mexico Pacheco Mendez
26%
Taiwan Tseng
24%
Ukraine Sachko
21%
Colombia Mejia
18%
Ecuador Guillen Meza
12%
Romania Jianu
12%
No matching quizzes found
Score Distribution
Percent of People with Each Score
Percentile by Number Answered
Your Score History
You have not taken this quiz